| 000 | 02409nam a22005173i 4500 | ||
|---|---|---|---|
| 001 | EBC32195995 | ||
| 003 | MiAaPQ | ||
| 005 | 20251219151123.0 | ||
| 007 | cr cnu|||||||| | ||
| 008 | 251219s2025 xx o ||||0 eng d | ||
| 020 |
_a9783031807329 _q(electronic bk.) |
||
| 020 | _z9783031807312 | ||
| 040 |
_aMiAaPQ _beng _cMiAaPQ |
||
| 100 | 1 |
_aTsuji, Kinko. _968120 |
|
| 245 | 1 | 0 |
_aPhysics and Mathematics in Musical Composition : _bA Comparative Study. |
| 250 | _a1st ed. | ||
| 264 | 1 |
_aCham : _bSpringer, _c2025. |
|
| 264 | 4 | _c©2025. | |
| 300 | _a1 online resource (300 pages) | ||
| 336 |
_aText _btxt _2rdacontent |
||
| 337 |
_aComputermedien _bc _2rdamedia |
||
| 338 |
_aOnline Resource _bcr _2rdacarrier |
||
| 341 | 0 |
_bPDF/UA-1 _2onix |
|
| 341 | 0 |
_bNo reading system accessibility options actively disabled _2onix |
|
| 341 | 0 |
_bTable of contents navigation _2onix |
|
| 341 | 0 |
_bIndex navigation _2onix |
|
| 341 | 0 |
_bSingle logical reading order _2onix |
|
| 341 | 0 |
_bShort alternative textual descriptions _2onix |
|
| 341 | 0 |
_bUse of color is not sole means of conveying information _2onix |
|
| 341 | 0 |
_bUse of high contrast between text and background color _2onix |
|
| 341 | 0 |
_bNext / Previous structural navigation _2onix |
|
| 341 | 0 |
_bAll non-decorative content supports reading without sight _2onix |
|
| 490 | 0 | _aMathematics and Statistics Series | |
| 500 | _aE-Book-ProQuest / Fernzugriff nach Registrierung möglich | ||
| 520 | _aHow is music born?Is music made by humans or does it already exist and wait to be found?How do composers create (or find) music?Having these questions in mind the authors ask more questions: How can we share our feelings with other people when listening to music?Can these be visualized?Why did Helmholtz have a problem with the third?. | ||
| 532 | 8 | _aPublisher contact for further accessibility information: accessibilitysupport@springernature.com | |
| 655 |
_aFernzugriff _9230 |
||
| 655 | 4 | _aElectronic books. | |
| 700 | 1 |
_aMüller, Stefan C. _968121 |
|
| 700 | 1 |
_aMüller, Stefan C. _968122 |
|
| 776 | 0 | 8 |
_iPrint version: _aTsuji, Kinko _tPhysics and Mathematics in Musical Composition _dCham : Springer,c2025 _z9783031807312 |
| 856 | 4 | 0 |
_uhttps://ebookcentral.proquest.com/lib/maxweberstiftung-ebooks/detail.action?docID=32195995 _zVolltext |
| 942 | _cEB | ||
| 999 |
_c73539 _d73539 |
||